Making Of a place: productive collision between a practice and a passionate community (Record no. 11337)

000 -LEADER
fixed length control field 00418 a2200145 4500
003 - CONTROL NUMBER IDENTIFIER
control field OSt
005 - DATE AND TIME OF LATEST TRANSACTION
control field 20230320191118.0
008 - FIXED-LENGTH DATA ELEMENTS--GENERAL INFORMATION
fixed length control field 230320b ||||| |||| 00| 0 eng d
020 ## - INTERNATIONAL STANDARD BOOK NUMBER
International Standard Book Number 9789383184514
100 ## - MAIN ENTRY--PERSONAL NAME
Personal name Abin Design Studio
245 ## - TITLE STATEMENT
Title Making Of a place: productive collision between a practice and a passionate community
260 ## - PUBLICATION, DISTRIBUTION, ETC. (IMPRINT)
Place of publication, distribution, etc Ahmedabad
Name of publisher, distributor, etc CEPT University press
Date of publication, distribution, etc 2022
300 ## - PHYSICAL DESCRIPTION
Extent 276p;.
942 ## - ADDED ENTRY ELEMENTS (KOHA)
Source of classification or shelving scheme
Holdings
Withdrawn status Lost status Source of classification or shelving scheme Damaged status Koha normalized classification for sorting Not for loan Permanent location Current location Date acquired Total Checkouts Total Renewals Full call number Barcode Date last seen Date last borrowed Price effective from Koha item type
        720_954000000000000_ABI   BMS College of Architecture, Design and Planning BMS College of Architecture, Design and Planning 2022-03-14 6 1 720.954 ABI AR-UG3011 2024-10-10 2024-09-26 2023-03-07 UG Books
Copyright © 2025, The Librarian, Library and Information Centre, BMSCA D&P, Bengaluru. All Rights Reserved
web counter

Powered by Koha